Causation and delay in construction disputes (Record no. 104280)
[ view plain ]
| 000 -LEADER | |
|---|---|
| fixed length control field | 01782cam a2200349 4500 |
| 001 - CONTROL NUMBER | |
| control field | L129797 |
| 008 - FIXED-LENGTH DATA ELEMENTS--GENERAL INFORMATION | |
| fixed length control field | 050520n2005 000 0 eng u |
| 020 ## - INTERNATIONAL STANDARD BOOK NUMBER | |
| International Standard Book Number | 1405118164 |
| -- | 9780470759349 |
| 035 ## - SYSTEM CONTROL NUMBER | |
| System control number | (Sirsi) u129797 |
| 041 ## - LANGUAGE CODE | |
| Language code of text/sound track or separate title | eng |
| 050 ## - LIBRARY OF CONGRESS CALL NUMBER | |
| Classification number | 692.8 |
| -- | 18 |
| 100 ## - MAIN ENTRY--PERSONAL NAME | |
| Personal name | Carnell, Nicholas J. |
| 245 ## - TITLE STATEMENT | |
| Title | Causation and delay in construction disputes |
| Medium | [electronic resource] |
| 250 ## - EDITION STATEMENT | |
| Edition statement | 2nd ed. |
| 260 ## - PUBLICATION, DISTRIBUTION, ETC. | |
| Place of publication, distribution, etc. | Oxford |
| Name of publisher, distributor, etc. | Blackwell |
| Date of publication, distribution, etc. | 2005 |
| 300 ## - PHYSICAL DESCRIPTION | |
| Extent | eBook |
| 505 2# - FORMATTED CONTENTS NOTE | |
| Formatted contents note | Time is Money -- Planning the Project -- During the Works -- Completion Dates -- Claim Preparation: Preliminary Considerations -- Legal Considerations -- Analysing the Causes of Delay: Planning and Networks -- Delay Analysis -- The SCL Protocol -- Presentation of the Claim -- Dispute Resolution |
| 520 ## - SUMMARY, ETC. | |
| Summary, etc. | This eBook analyses how construction projects become delayed and the measures which can be taken to avoid these problems. This second edition includes new case law introduced since 1999 and has chapters on risk allocations, adjudication and the Society of Construction Law delay protocol. |
| 520 ## - SUMMARY, ETC. | |
| Summary, etc. | Supersedes first edition (ISBN 063203971X). |
| 650 ## - SUBJECT ADDED ENTRY--TOPICAL TERM | |
| Topical term or geographic name entry element | ARBITRATION ACT 1996 |
| 650 24 - SUBJECT ADDED ENTRY--TOPICAL TERM | |
| Topical term or geographic name entry element | EBOOK |
| 650 ## - SUBJECT ADDED ENTRY--TOPICAL TERM | |
| Topical term or geographic name entry element | HOUSING GRANTS, CONSTRUCTION AND REGENERATION ACT 1996 |
| 650 ## - SUBJECT ADDED ENTRY--TOPICAL TERM | |
| Topical term or geographic name entry element | LATE PAYMENT OF COMMERCIAL DEBTS (INTEREST) ACT 1998 |
| 650 ## - SUBJECT ADDED ENTRY--TOPICAL TERM | |
| Topical term or geographic name entry element | SALE OF GOODS ACT 1979 |
| 650 ## - SUBJECT ADDED ENTRY--TOPICAL TERM | |
| Topical term or geographic name entry element | SUPPLY OF GOODS AND SERVICES ACT 1982 |
| 650 ## - SUBJECT ADDED ENTRY--TOPICAL TERM | |
| Topical term or geographic name entry element | UNFAIR CONTRACT TERMS ACT 1977 |
| 650 ## - SUBJECT ADDED ENTRY--TOPICAL TERM | |
| Topical term or geographic name entry element | SOCIETY OF CONSTRUCTION LAW DELAY AND DISRUPTION PROTOCOL |
| 690 ## - LOCAL SUBJECT ADDED ENTRY--TOPICAL TERM (OCLC, RLIN) | |
| Topical term or geographic name as entry element | BUILT ENVIRONMENT-CONSTRUCTION MANAGEMENT-BUILDING CONTRACT ADMINISTRATION |
| 856 48 - ELECTRONIC LOCATION AND ACCESS | |
| Uniform Resource Identifier | <a href="https://www.vlebooks.com/">https://www.vlebooks.com/</a> |
| Public note | View on VLEbooks. Logins for members only from [email protected] |
| 942 ## - ADDED ENTRY ELEMENTS (KOHA) | |
| Suppress in OPAC | 0 |
| Withdrawn status | Lost status | Damaged status | Not for loan | Home library | Current library | Shelving location | Date acquired | Cost, normal purchase price | Total Checkouts | Full call number | Barcode | Date last seen | Date last checked out | Copy number | Cost, replacement price | Price effective from | Koha item type | Source of classification or shelving scheme |
|---|---|---|---|---|---|---|---|---|---|---|---|---|---|---|---|---|---|---|
| Missing from bundle | London | London | Missing | 04/07/2005 | 42.07 | 34 | 692.8 CAR | 30069931 | 06/08/2019 | 13/05/2010 | 1 | 42.07 | 06/08/2019 | Book | ||||
| Virtual | Virtual | Online | 05/02/2010 | 66.37 | EBOOK | 129797-3001 | 06/08/2019 | 1 | 66.37 | 06/08/2019 | Book | Dewey Decimal Classification |